• 首页
  • 本馆介绍
  • 公告通知
  • 最新文献
  • 馆藏检索
  • 电子资源
  • 读者导购
  • 参考咨询
  • 我的图书馆
  • 登录
  • 详细信息显示
  • 放入我的书架
  • 预约/预借图书
  • 作者相关作品
  • 分类相关作品
  • 丛书相关作品
  • 出版社相关作品

书目信息

  • 表格格式
  • 工作单格式
  • 卡片格式
书名: Structural biology using electrons and X-rays
作者: By Michael F. Moody.
分册号:
分册名:
出版地: 北京 :
 
出版社: 科学出版社
出版时间: 2011.
页数: xvi, 434 p. :
开本: 27 cm.
丛书名:
中图分类号:
科图分类号:
其他分类号: Q617
主题词:
电子资源:
000 01161cam a2200325 a 4500
001 E1459145249
005 20140402162653.57
008 111111r20112011cc a b 001 0 eng d
020    @a9787030324771 (hbk.) :@cCNY145.00.
040    @aNMU@cNMU
041 0  @aeng@bchi@fchi
090    @aQ71/X2(1)
092    @anhys2011203077
093    @aQ71 @2 4
099    @dQ617@ex2
100 1  @aMoody, Michael F.,@cDr.
245 10 @aStructural biology using electrons and X-rays :@ban introduction for biologists = 结构生物学 : 利用电子束和X射线作为研究手段 面向生物学家 / @cBy Michael F. Moody.
246 31 @a结构生物学 :@b利用电子束和X射线作为研究手段 面向生物学家
260    @a北京 :@b科学出版社,@c2011.
300    @axvi, 434 p. :@bill. ;@c27 cm.
490 0  @a科爱传播
500    @a"导读版"--cover.
504    @aIncludes bibliographical references (p. 417-425) and index.
534    @pReprint. Originally published:@cAmsterdam : Elsevier, c2011.@z9780123705815.
650  0 @aX-ray spectroscopy.
650  0 @aBiomolecules@xStructure.
650  0 @aElectron optics.
650  0 @aElectron probe microanalysis.
650 0  @a理论生物物理学
920    @a232010@z2
    
    Structural biology using electrons and X-rays : : an introduction for biologists = 结构生物学 : 利用电子束和X射线作为研究手段 面向生物学家 / / By Michael F. Moody.-北京 : : 科学出版社, , 2011.
    xvi, 434 p. : : ill. ; ; 27 cm.- (科爱传播)
    "导读版"--cover.-Includes bibliographical references (p. 417-425) and index.
    
    ISBN 9787030324771 (hbk.) :CNY145.00.
    
●
相关链接 在E读中查询图书 在五车中查询图书 在当当中查询图书 在豆瓣中查询图书


正题名:Structural biology using electrons and X-rays     索取号:Q617/x2         预约/预借

序号 登录号 条形码 馆藏地/架位号 状态 备注
1 0018022   300180220   第二样本阅览室/ [索取号:Q617/x2] 在馆    
2 0018023   300180239   生命科学系资料室/ [索取号:Q617/x2] 在馆    
3 0018024   300180248   第四借阅区/ [索取号:Q617/x2] 在馆    
唐山师范学院图书馆 欢迎您!
大连网信软件有限公司© 版权所有